1019 1854 1254 1055 1176 1627 1957 1073 1967 1638 1839 1421 1395 1759 1521 1007 1342 1825 1963 1988 1877 1735 1175 1026 1954 1263 1764 1785 1236 1915 1969 1297 1783 1908 1002 1883 1509 1713 1426 1826 1404 1171 1775 1326 1501 1768 1163 1780 1187 1691 1582 1068 1191 1775 1520 1998 1691 1091 1126 1475 1660 1097 1308 1769 1564 1686 1032 1236 1535 1842 1612 1980 1009 1768 1489 1764 1486 1972 1738 1290 1198 1448 1730 1455 1697 1319 1137 1611 1370 1282 1621 1008 1908 1902 1720 1948 1167 1149 1081 BCNSPRNW ULIB Ver.6.0+V

เปลี่ยนเป็นภาษาไทย

Change to English
 แสดงรายละเอียดบรรณานุกรม
  กลับหน้าหลัก

Brief Record : Get Marc (ISO 2709) : E-mail record : QR code < ปิดหน้าต่าง
LEADER : 00000nam 2200000uu 4500
001    13399112109
003     ULIB
008    110727s2551||||th 000 0 tha d
020    9749364872 (ล.1)
050  4 HA62.5^bท228ว ล.1 25451
100 0  ทวีศักดิ์ นพเกษร
245 10 วิธีการวิจัยเชิงคุณภาพ:^bคู่มือปฏิบัติการวิจัยประยุกต์เพื่อพัฒนาคน องค์กร ชุมชนสังคม = Qualitative methods : a field guide for applied research in human/organization/community and social development /^cทวีศักดิ์ นพเกษร
246 31 Qualitative methods : a field guide for applied research in human/organization/community and social development
250    พิมพ์ครั้งที่ 2
260    กรุงเทพฯ :^bชมรมพยาบาลชุมชนแห่งประเทศไทย,^c2551
300     2 ล. :^bภาพประกอบ ;^c21 ซม.
500    พิมพ์ครั้งที่ 1 และ 2 ปีเดียวกัน
650  4 วิจัยเชิงคุณภาพ
650  4 วิจัย
650  4 สังคมศาสตร์^vวิจัย
945    ^p250^l0^i024295
945    ^p250^l0^i024296
945    ^p250^l0^i024644
995    ทศพร
999 ^a ทศพร
รายการนี้ยังไม่มีแท็ก
คุณยังไม่ได้ล็อกอิน คุณสามารถมีกิจกรรมร่วมกับเว็บไซต์ได้ แต่ต้องล็อกอินก่อน ::
  ล็อกอิน

รายการสื่อสารสนเทศ

ลำดับที่ ประเภท เลขเรียก/บาร์โค้ด สถานที่ สถานะ
- ไม่พบข้อมูล -

รายการใกล้เคียง
    ผู้แต่ง [ทวีศักดิ์ นพเกษร]

    หัวเรื่อง [วิจัยเชิงคุณภาพ]
    หัวเรื่อง [วิจัย]

BibComment


ยังไม่เคยถูกคอมเมนท์

คอมเมนท์ทรัพยากรรายการนี้
  คอมเมนท์: วิธีการวิจัยเชิงค..


 Copyright 2026. Bcnsprnw @Library